| 000 | 00445nam a2200193Ia 4500 | ||
|---|---|---|---|
| 005 | 20240823014456.0 | ||
| 008 | 240823s9999||||xx |||||||||||||| ||und|| | ||
| 020 | _a81-219-0272-X | ||
| 041 | _aENGLISH | ||
| 082 | _A531 P5 | ||
| 100 | _aDuraipandian P [etal] | ||
| 245 | 0 | _aMechanics | |
| 250 | _a6th | ||
| 260 |
_c2005 _bS chand New D _aNew Delhi |
||
| 500 | _aYES | ||
| 650 |
_aMechanics _bMathematics |
||
| 942 | _cBK | ||
| 999 |
_c170179 _d170179 |
||